| 000 | 00824cam a22002771 4500 | ||
|---|---|---|---|
| 001 | 4529537 | ||
| 003 | GBCCL | ||
| 005 | 20241126110342.0 | ||
| 008 | 730208s1957 nyu 000 0 eng | ||
| 010 | _a 57005562 | ||
| 040 |
_aDLC _cDLC _dDLC |
||
| 050 | 0 | 0 |
_aBL221 _b.A47 1957 |
| 082 | 0 | 0 |
_a211.34 _bALB |
| 100 | 1 |
_aAlbright, William Foxwell, _d1891-1971. |
|
| 245 | 1 | 0 |
_aFrom the stone age to Christianity; _bmonotheism and the historical process. |
| 250 |
_a2d ed. _bwith a new introd. |
||
| 260 |
_aGarden City, N.Y., _bDoubleday, _c1957. |
||
| 300 |
_a432 p. _c19 cm. |
||
| 490 | 0 | _aDoubleday anchor books, A100 | |
| 650 | 0 | _aMonotheism. | |
| 650 | 0 | _aReligion. | |
| 650 | 0 |
_aHistory _xPhilosophy. |
|
| 650 | 0 |
_aHistory _xMethodology. |
|
| 906 |
_a7 _bcbc _corignew _du _eocip _f19 _gy-gencatlg |
||
| 942 |
_2ddc _cBK _02 |
||
| 999 |
_c607 _d607 |
||